000 00598nam a22002057a 4500
005 20241213095313.0
008 241213b ||||| |||| 00| 0 eng d
040 _cAL
041 _aEnglish
082 _223
_a348.04
_bEASS
100 _aEastern Book Company
_9190612
245 _aSupreme Court Cases: Vol 1
260 _aLucknow
_bEastern Book Company
_c1980
300 _a762 p.
_bHB
_c24x16 cm.
365 _a1061
_b₹959.52
_c
_d₹1279.36
_e25%
_f28-11-2024
440 _aVolume 1
_9190613
650 _aLaw
_9190614
650 _aMode of Citation (1980) 1 scc
_9190615
942 _2ddc
_cBI
999 _c232794
_d232794